Nacimientos : nativity scenes by Southwest Indian artisans = Weihnachtskrippen von indianischen Kunsthandwerkern des Sudwestens = Nacimientos hechos por artistas indios del Suroeste /
| Main Author: | |
|---|---|
| Other Authors: | |
| Format: | Book |
| Language: | English German Spanish |
| Published: |
Flagstaff, Ariz. :
Northland Press,
[1979]
|
| Edition: | 1st ed. |
| Subjects: |
MARC
| Tag | First Indicator | Second Indicator | Subfields |
|---|---|---|---|
| LEADER | 00000cam a2200000 a 4500 | ||
| 001 | in00000098611 | ||
| 005 | 20150924085853.0 | ||
| 008 | 800321s1979 azua b 00110 engm | ||
| 010 | |a 79088621 | ||
| 020 | |a 0873582039 : |c $16.50 | ||
| 020 | |a 087358208X (pbk.) | ||
| 035 | |a (OCoLC)05899561 | ||
| 035 | |9 AAK9717AM | ||
| 040 | |a DLC |c DLC |d m.c. |d TXA |d UtOrBLW | ||
| 041 | 0 | |a eng |a ger |a spa | |
| 043 | |a n-usp-- | ||
| 049 | |a TXAM |c [1117077] | ||
| 050 | 0 | 0 | |a NK4695 S26 |b M66 |
| 082 | 0 | |a 738.8/2/0979 | |
| 100 | 1 | |a Monthan, Guy. | |
| 245 | 1 | 0 | |a Nacimientos : |b nativity scenes by Southwest Indian artisans = Weihnachtskrippen von indianischen Kunsthandwerkern des Sudwestens = Nacimientos hechos por artistas indios del Suroeste / |c by Guy and Doris Monthan. |
| 246 | 3 | 1 | |a Weihnachtskrippen von indianischen Kunsthandwerkern des Sudwestens |
| 246 | 3 | 1 | |a Nacimientos hechos por artistas indios del Suroeste |
| 250 | |a 1st ed. | ||
| 264 | 1 | |a Flagstaff, Ariz. : |b Northland Press, |c [1979] | |
| 264 | 4 | |c ©1979 | |
| 300 | |a xiv, 93 pages : |b (color) illustrations ; |c 24 cm. | ||
| 336 | |a text |b txt |2 rdacontent | ||
| 337 | |a unmediated |b n |2 rdamedia | ||
| 338 | |a volume |b nc |2 rdacarrier | ||
| 500 | |a English, German, and Spanish. | ||
| 500 | |a Includes index. | ||
| 504 | |a Bibliography: pages 91-92. | ||
| 650 | 0 | |a Santos (Art) |z Southwest, New. | |
| 650 | 0 | |a Crib in Christian art and tradition |z Southwest, New. | |
| 650 | 0 | |a Indian pottery |z Southwest, New. | |
| 700 | 1 | |a Monthan, Doris |q (Doris Born), |d 1924-2012. | |
| 999 | |a MARS | ||
| 999 | f | f | |s c23fae45-3ba4-39f8-8d2a-1c0d2f8af2b6 |i 63b14177-9c8e-338c-a568-2b58b953f43e |t 0 |
| 952 | f | f | |p normal |a Texas A&M University |b College Station |c Sterling C. Evans Library |d Evans: Library Stacks |t 0 |e NK4695 S26 M66 |h Library of Congress classification |i unmediated -- volume |m A14806030107 |
| 998 | f | f | |a NK4695 S26 M66 |t 0 |l Evans: Library Stacks |